[Event "Abe Yanofsky mem"]
[Site "Winnipeg CAN"]
[Date "2011.08.06"]
[Round "2"]
[White "Zaczek, Jonathon"]
[Black "Lipic, Stephen"]
[Result "1-0"]
[WhiteElo "2111"]
[BlackElo "1848"]
[PlyCount "101"]
[GameId "2160767909649057"]
[EventDate "2011.08.05"]
[EventType "swiss"]
[EventRounds "5"]
[EventCountry "CAN"]
[SourceTitle "EXT 2019"]
[Source "ChessBase"]
[SourceDate "2018.10.10"]
[SourceVersion "1"]
[SourceVersionDate "2018.10.10"]
[SourceQuality "1"]

1. e4 c6 2. d4 Na6 3. Nf3 Nc7 4. Bd3 d5 5. Nc3 Bg4 6. h3 Bxf3 7. Qxf3 g6 8. Bf4 Ne6 9. Be5 f6 10. exd5 cxd5 11. Bg3 Nxd4 12. Qxd5 Qxd5 13. Nxd5 Rd8 14. Nc7+ Kf7 15. O-O-O e5 16. Bc4+ Kg7 17. Rxd4 Rxd4 18. Ne6+ Kh6 19. Nxd4 exd4 20. Re1 Ne7 21. Re6 Nf5 22. Bf4+ Kg7 23. Bd5 b5 24. Rc6 g5 25. Bh2 Be7 26. Rc7 Rd8 27. Be6 d3 28. Bxf5 d2+ 29. Kd1 Kf8 30. Bxh7 a5 31. Bd3 b4 32. Kxd2 a4 33. Rb7 b3 34. axb3 axb3 35. Rxb3 g4 36. hxg4 Kg7 37. Rb7 Kh6 38. Bf4+ Kg7 39. Rxe7+ Kg8 40. Ke3 f5 41. Bc4+ Kf8 42. Bh6+ Kxe7 43. Bg5+ Kd6 44. Bxd8 Ke5 45. Bc7+ Kf6 46. Kf4 Kg6 47. gxf5+ Kh5 48. Be5 Kh4 49. Bg7 Kh5 50. Bf7+ Kh4 51. Bf6# 1-0

[Event "Abe Yanofsky mem"]
[Site "Winnipeg CAN"]
[Date "2011.08.06"]
[Round "3"]
[White "Afolabi, Damola"]
[Black "De Groot, Steven"]
[Result "0-1"]
[WhiteElo "1550"]
[BlackElo "1772"]
[PlyCount "60"]
[GameId "2160767909649058"]
[EventDate "2011.08.05"]
[EventType "swiss"]
[EventRounds "5"]
[EventCountry "CAN"]

1. e4 c5 2. f4 d5 3. exd5 Qxd5 4. d3 Nf6 5. Nc3 Qd8 6. Nf3 Nc6 7. Be2 e6 8. O-O Be7 9. Ne5 Nxe5 10. fxe5 Qd4+ 11. Kh1 Nd5 12. Nb5 Qxe5 13. c4 a6 14. cxd5 axb5 15. dxe6 Bxe6 16. Bf4 Qd4 17. b3 O-O 18. Qc2 Bf6 19. a4 Rfc8 20. a5 Qb4 21. Bd2 Qxb3 22. Qxb3 Bxb3 23. Rab1 c4 24. dxc4 bxc4 25. Bf3 Rc7 26. Be3 Bc3 27. Bb6 Re7 28. Rf2 Bxa5 29. Bxa5 Rxa5 30. Bd1 Re1+ 0-1

[Event "Abe Yanofsky mem"]
[Site "Winnipeg CAN"]
[Date "2011.08.06"]
[Round "3"]
[White "Babb, Jeff"]
[Black "Kaptsan, Aron"]
[Result "1/2-1/2"]
[WhiteElo "2135"]
[BlackElo "2049"]
[PlyCount "85"]
[GameId "2160767909649059"]
[EventDate "2011.08.05"]
[EventType "swiss"]
[EventRounds "5"]
[EventCountry "CAN"]
[SourceTitle "EXT 2019"]
[Source "ChessBase"]
[SourceDate "2018.10.10"]
[SourceVersion "1"]
[SourceVersionDate "2018.10.10"]
[SourceQuality "1"]

1. e4 Nf6 2. Nc3 e5 3. f4 d5 4. fxe5 Nxe4 5. d3 Nxc3 6. bxc3 Be7 7. d4 Bf5 8. Bd3 Bxd3 9. Qxd3 O-O 10. Nf3 c5 11. O-O cxd4 12. cxd4 Nc6 13. Bd2 Rc8 14. Rab1 b6 15. Qf5 Rc7 16. c3 Qd7 17. Qd3 Nd8 18. Ng5 Bxg5 19. Bxg5 Ne6 20. Bd2 Rc4 21. Rf3 Rfc8 22. Rbf1 Nf8 23. Rxf7 Qxf7 24. Rxf7 Kxf7 25. Qf5+ Ke8 26. e6 R8c7 27. Qxd5 R4c6 28. e7 Kxe7 29. Bg5+ Ke8 30. Bf4 Rc8 31. Bd2 R6c7 32. h3 Rd8 33. Qb3 Rcd7 34. Qc4 Rd5 35. Qa4+ R8d7 36. Be3 Ra5 37. Qb3 Re7 38. c4 Ne6 39. Qc2 g6 40. Qb3 Ng7 41. g4 Ne6 42. Qb2 g5 43. Bd2 1/2-1/2

[Event "Abe Yanofsky mem"]
[Site "Winnipeg CAN"]
[Date "2011.08.06"]
[Round "3"]
[White "Boron, Anthony"]
[Black "Bince, Rolando"]
[Result "0-1"]
[WhiteElo "1996"]
[BlackElo "2091"]
[PlyCount "134"]
[GameId "2160767909649060"]
[EventDate "2011.08.05"]
[EventType "swiss"]
[EventRounds "5"]
[EventCountry "CAN"]

1. d4 Nf6 2. Nf3 b6 3. g3 Bb7 4. Bg2 e6 5. O-O Be7 6. c4 O-O 7. Nc3 d5 8. Ne5 c6 9. Qa4 Nfd7 10. Nf3 a6 11. cxd5 b5 12. Qd1 cxd5 13. b3 Nc6 14. Bb2 Rc8 15. Rc1 Qa5 16. e3 f5 17. h4 Nf6 18. Ng5 Nd8 19. Rc2 h6 20. Nh3 Bd6 21. Qd2 Nc6 22. Ba1 Bb4 23. Qe2 Bd6 24. a4 b4 25. Na2 Qb6 26. Rfc1 Na5 27. Rxc8 Bxc8 28. Qd3 Bd7 29. Bb2 Rc8 30. Rxc8+ Bxc8 31. Qc2 Qc6 32. Qxc6 Nxc6 33. Kf1 a5 34. Ke1 Ba6 35. Bf1 Bxf1 36. Kxf1 Ne4 37. Ke2 g5 38. hxg5 hxg5 39. Nc1 Kf7 40. Nd3 Kg6 41. Ng1 Nf6 42. Nf3 Nd7 43. Nde5+ Bxe5 44. dxe5 g4 45. Nd4 Nxd4+ 46. Bxd4 Nb8 47. Kd3 Nc6 48. Bb2 Kf7 49. Ba1 Ke7 50. Bb2 Kd7 51. Ba1 Nd8 52. Kd4 Kc6 53. Kd3 Nf7 54. Bd4 Ng5 55. Ke2 Ne4 56. Ke1 Nc5 57. Bxc5 Kxc5 58. Kd2 d4 59. Kd3 dxe3 60. Kxe3 Kd5 61. Kd3 Kxe5 62. Kc4 Kd6 63. Kb5 e5 64. Kxa5 Kc5 65. Ka6 f4 66. Kb7 fxg3 67. fxg3 e4 0-1

[Event "Abe Yanofsky mem"]
[Site "Winnipeg CAN"]
[Date "2011.08.06"]
[Round "3"]
[White "Green, Jim"]
[Black "Greenberg, Harley"]
[Result "1/2-1/2"]
[WhiteElo "1851"]
[BlackElo "1685"]
[PlyCount "62"]
[GameId "2160767909649061"]
[EventDate "2011.08.05"]
[EventType "swiss"]
[EventRounds "5"]
[EventCountry "CAN"]

1. e4 c5 2. Nf3 e6 3. d3 Nc6 4. g3 g6 5. c3 Bg7 6. Bg2 Nge7 7. O-O O-O 8. Be3 Qb6 9. Qe2 d5 10. Bg5 Bd7 11. Bxe7 Nxe7 12. Na3 Qa5 13. Qd2 Rab8 14. Nc2 Bc6 15. e5 d4 16. Rfe1 dxc3 17. Qxc3 Qxc3 18. bxc3 Rfd8 19. d4 Bh6 20. Red1 Ba4 21. Nfe1 Nf5 22. dxc5 Bd2 23. Be4 Bxc3 24. Rxd8+ Rxd8 25. Rb1 Bxe5 26. Nf3 Bc3 27. Rxb7 Rc8 28. Rxa7 Bxc2 29. Bxc2 Rxc5 30. Bb3 Nd4 31. Nxd4 Bxd4 1/2-1/2

[Event "Abe Yanofsky mem"]
[Site "Winnipeg CAN"]
[Date "2011.08.06"]
[Round "3"]
[White "Joven, Perfecto"]
[Black "Czypinski, Jaroslaw"]
[Result "1-0"]
[WhiteElo "2006"]
[BlackElo "1964"]
[PlyCount "67"]
[GameId "2160767909649062"]
[EventDate "2011.08.05"]
[EventType "swiss"]
[EventRounds "5"]
[EventCountry "CAN"]

1. Nf3 d5 2. d4 Nf6 3. c4 e6 4. g3 Bb4+ 5. Bd2 Bxd2+ 6. Nbxd2 O-O 7. Bg2 c6 8. O-O Nbd7 9. Qc2 Re8 10. Rfc1 Nf8 11. Ne5 Ng6 12. f4 dxc4 13. Qxc4 Nd5 14. Qc5 Qb6 15. Nb3 Qxc5 16. Rxc5 Nxe5 17. dxe5 Bd7 18. Kf2 b6 19. Rc2 c5 20. Rd2 Ba4 21. Bxd5 exd5 22. Rxd5 Bxb3 23. axb3 Kf8 24. f5 Re7 25. Kf3 Rc8 26. Rad1 Ke8 27. g4 Rec7 28. g5 c4 29. bxc4 Rxc4 30. R1d2 R4c5 31. e4 b5 32. f6 g6 33. Kf4 b4 34. Rd6 1-0

[Event "Abe Yanofsky mem"]
[Site "Winnipeg CAN"]
[Date "2011.08.06"]
[Round "3"]
[White "Klokow, John"]
[Black "Penner, Wesley"]
[Result "1-0"]
[WhiteElo "1807"]
[BlackElo "1744"]
[PlyCount "71"]
[GameId "2160767909649063"]
[EventDate "2011.08.05"]
[EventType "swiss"]
[EventRounds "5"]
[EventCountry "CAN"]

1. e4 e6 2. b3 d5 3. Bb2 dxe4 4. Nc3 Nf6 5. Qe2 Be7 6. O-O-O b6 7. Nxe4 Bb7 8. d3 O-O 9. g4 c5 10. h4 Nc6 11. g5 Nd5 12. Nh3 Qc7 13. Qg4 Ne5 14. Qg3 Bd6 15. Nxd6 Qxd6 16. Bxe5 Qd7 17. Bg2 a5 18. Nf4 a4 19. Nxd5 Bxd5 20. Bxd5 Qxd5 21. Bc3 axb3 22. axb3 Ra2 23. Qe5 Qxe5 24. Bxe5 Rfa8 25. Kd2 Kf8 26. Ra1 g6 27. Rxa2 Rxa2 28. Ra1 Rxa1 29. Bxa1 Ke7 30. Be5 Kd7 31. Kc3 Kc6 32. b4 Kd5 33. f4 b5 34. bxc5 Kxc5 35. Bf6 Kc6 36. Kb4 1-0

[Event "Abe Yanofsky mem"]
[Site "Winnipeg CAN"]
[Date "2011.08.06"]
[Round "3"]
[White "Lambruschini, Alex"]
[Black "Moncal, Nilo"]
[Result "0-1"]
[WhiteElo "1843"]
[BlackElo "2102"]
[PlyCount "56"]
[GameId "2160767909649064"]
[EventDate "2011.08.05"]
[EventType "swiss"]
[EventRounds "5"]
[EventCountry "CAN"]

1. e4 e6 2. d4 d5 3. e5 c5 4. c3 Nc6 5. Nf3 Qb6 6. a3 Nge7 7. Bd3 Bd7 8. O-O cxd4 9. cxd4 Nxd4 10. Nxd4 Qxd4 11. Nc3 a6 12. Kh1 Qxe5 13. Re1 Qf6 14. f3 Bc6 15. Rb1 Rd8 16. Qd2 Ng6 17. b4 Bd6 18. b5 axb5 19. Bb2 Qh4 20. g4 Qh3 21. Bf1 Qxf3+ 22. Bg2 Qxg4 23. Nxd5 Bf4 24. Qd4 Qh4 25. Nc7+ Bxc7 26. Qxh4 Nxh4 27. Bxg7 Rg8 28. Bf6 Rd2 0-1

[Event "Abe Yanofsky mem"]
[Site "Winnipeg CAN"]
[Date "2011.08.06"]
[Round "3"]
[White "Li, Kevin"]
[Black "Repa, Jason"]
[Result "1/2-1/2"]
[WhiteElo "2181"]
[BlackElo "1991"]
[PlyCount "131"]
[GameId "2160767909649065"]
[EventDate "2011.08.05"]
[EventType "swiss"]
[EventRounds "5"]
[EventCountry "CAN"]

1. e4 e6 2. d4 d5 3. Nc3 Nf6 4. Bg5 Bb4 5. e5 h6 6. exf6 hxg5 7. fxg7 Rg8 8. h4 Qf6 9. Qg4 gxh4 10. Rxh4 Nc6 11. Rh8 Rxh8 12. g8=Q+ Rxg8 13. Qxg8+ Bf8 14. Nb5 Qe7 15. O-O-O a6 16. Nc3 Bd7 17. Qg3 Qd6 18. Qxd6 Bxd6 19. g3 O-O-O 20. Bg2 Rh8 21. Nf3 f6 22. Rh1 Rxh1+ 23. Bxh1 Be8 24. Kd2 Bh5 25. Ne2 Kd7 26. Bg2 Bf8 27. c3 Bh6+ 28. Ke1 Na5 29. Nf4 Bg4 30. Nd2 Bf5 31. b4 Nc6 32. Nb3 b6 33. Bf1 a5 34. a3 axb4 35. axb4 Ne7 36. Ng2 Bc2 37. Nd2 Nf5 38. g4 Nd6 39. Ne3 Bg6 40. c4 dxc4 41. Ndxc4 Be4 42. Nd2 Bc6 43. Bd3 Bf8 44. Nc2 Ba4 45. Ne4 Ne8 46. b5 Be7 47. Ke2 Bb3 48. Ne3 Ba3 49. Bc4 Bxc4+ 50. Nxc4 Be7 51. Kd3 f5 52. gxf5 exf5 53. Nc3 Bd6 54. Ne5+ Bxe5 55. dxe5 Ng7 56. Nd5 Ke6 57. Nxc7+ Kxe5 58. Kc4 Ke4 59. Nd5 Ne8 60. Nxb6 Nd6+ 61. Kc5 Nxb5 62. Kxb5 Kf3 63. Nd5 Kxf2 64. Ne7 f4 65. Ng6 f3 66. Ne5 1/2-1/2

[Event "Abe Yanofsky mem"]
[Site "Winnipeg CAN"]
[Date "2011.08.06"]
[Round "3"]
[White "Lipnowski, Samuel"]
[Black "Zaczek, Jonathon"]
[Result "1/2-1/2"]
[WhiteElo "2205"]
[BlackElo "2111"]
[PlyCount "117"]
[GameId "2160767909649066"]
[EventDate "2011.08.05"]
[EventType "swiss"]
[EventRounds "5"]
[EventCountry "CAN"]
[SourceTitle "EXT 2019"]
[Source "ChessBase"]
[SourceDate "2018.10.10"]
[SourceVersion "1"]
[SourceVersionDate "2018.10.10"]
[SourceQuality "1"]

1. d4 Nf6 2. c4 g6 3. Nc3 d5 4. cxd5 Nxd5 5. e4 Nxc3 6. bxc3 Bg7 7. Nf3 c5 8. Be3 O-O 9. Qd2 b6 10. dxc5 Qc7 11. cxb6 axb6 12. Bd4 e5 13. Be3 Be6 14. Be2 Nd7 15. O-O Nc5 16. Qc2 Ra3 17. Bc1 Ra5 18. Nd2 Rfa8 19. Bc4 Bxc4 20. Nxc4 Ra4 21. Nd2 Qc6 22. f3 Ne6 23. Kh1 Nd4 24. Qd3 Nb5 25. c4 Nd4 26. a3 Bh6 27. f4 Bg7 28. fxe5 Bxe5 29. Bb2 Qd6 30. Rac1 Rd8 31. Nb3 Ne6 32. Qxd6 Bxd6 33. Rfd1 Raa8 34. e5 Be7 35. g3 Rxd1+ 36. Rxd1 Rc8 37. Rd7 Bg5 38. Rd6 Be3 39. Nd4 Bxd4 40. Bxd4 Rxc4 41. Bxb6 Ra4 42. Rd3 Ra6 43. Be3 Ra5 44. Bh6 Rxe5 45. Rc3 f5 46. Rc8+ Kf7 47. Rh8 Re1+ 48. Kg2 Ra1 49. Rxh7+ Kf6 50. Ra7 g5 51. h4 gxh4 52. gxh4 Ke5 53. a4 Ra2+ 54. Kf3 Nd4+ 55. Ke3 Ra3+ 56. Kf2 Ra2+ 57. Ke3 Ra3+ 58. Kf2 Ra2+ 59. Ke3 1/2-1/2

[Event "Abe Yanofsky mem"]
[Site "Winnipeg CAN"]
[Date "2011.08.06"]
[Round "3"]
[White "Magnusson, Saul"]
[Black "De los Santos, Christopher"]
[Result "0-1"]
[WhiteElo "1804"]
[BlackElo "1823"]
[PlyCount "66"]
[GameId "2160767909649067"]
[EventDate "2011.08.05"]
[EventType "swiss"]
[EventRounds "5"]
[EventCountry "CAN"]

1. e4 c6 2. Nc3 d5 3. Nf3 Bg4 4. h3 Bxf3 5. Qxf3 e6 6. d3 Nf6 7. Be2 Be7 8. Qg3 g6 9. a3 Na6 10. e5 Nd7 11. b4 Nc7 12. d4 b5 13. h4 h5 14. Nd1 a5 15. c3 axb4 16. Bd3 Rg8 17. Be2 Rh8 18. Qf3 bxa3 19. g4 hxg4 20. Qxg4 Rxh4 21. Rxh4 Bxh4 22. Bxa3 Be7 23. Bxe7 Qxe7 24. Rb1 Ra2 25. Bd3 Nb6 26. Ne3 Qa3 27. Nd1 Na4 28. Bxg6 fxg6 29. Qxg6+ Kd7 30. Qd3 Nb2 31. Nxb2 Rxb2 32. Rxb2 Qxb2 33. f4 Qc1+ 0-1

[Event "Abe Yanofsky mem"]
[Site "Winnipeg CAN"]
[Date "2011.08.06"]
[Round "3"]
[White "Melamedoff, Gustavo"]
[Black "Pottinger, Carl"]
[Result "1-0"]
[WhiteElo "2124"]
[BlackElo "1883"]
[PlyCount "65"]
[GameId "2160767909649068"]
[EventDate "2011.08.05"]
[EventType "swiss"]
[EventRounds "5"]
[EventCountry "CAN"]

1. e4 c5 2. b3 e5 3. Nf3 d6 4. Nc3 Be6 5. Bb5+ Nc6 6. O-O Be7 7. Nd5 a6 8. Bxc6+ bxc6 9. Nxe7 Nxe7 10. Ng5 Qd7 11. Nxe6 Qxe6 12. d3 O-O 13. f4 f6 14. f5 Qf7 15. Be3 g6 16. fxg6 hxg6 17. Bh6 Rfe8 18. Bg5 f5 19. exf5 gxf5 20. Qf3 Qd5 21. Bxe7 Qxf3 22. Rxf3 Rxe7 23. Rxf5 d5 24. Re1 Rae8 25. Re3 e4 26. dxe4 dxe4 27. Rxc5 Re6 28. Rf5 Kg7 29. Kf2 Kg6 30. Rc5 Rf6+ 31. Ke2 Ref8 32. Rg3+ Kf7 33. Re5 1-0

[Event "Abe Yanofsky mem"]
[Site "Winnipeg CAN"]
[Date "2011.08.06"]
[Round "3"]
[White "Pang, Michael"]
[Black "Green, Aaron"]
[Result "0-1"]
[WhiteElo "1829"]
[BlackElo "2010"]
[PlyCount "73"]
[GameId "2160767909649069"]
[EventDate "2011.08.05"]
[EventType "swiss"]
[EventRounds "5"]
[EventCountry "CAN"]

1. e4 c5 2. Nf3 d6 3. d4 cxd4 4. Nxd4 Nf6 5. Nc3 a6 6. Bg5 Nc6 7. f4 h6 8. Bh4 Qb6 9. Nxc6 bxc6 10. Qd2 Qxb2 11. Rb1 Qa3 12. Bf2 Nd7 13. Bc4 e6 14. O-O Qa5 15. f5 e5 16. Rb3 Nc5 17. Rbb1 Be7 18. Be3 Nd7 19. Kh1 Qc7 20. Qe2 Bb7 21. Qh5 Rf8 22. Qg4 Nf6 23. Qxg7 d5 24. Bb6 Qd7 25. exd5 cxd5 26. Bb3 Bc6 27. Bf2 O-O-O 28. Bg3 Qd6 29. Qxh6 Rh8 30. Qd2 d4 31. Qe2 dxc3 32. Bxe5 Qc5 33. Bxf7 Bd6 34. Be6+ Kc7 35. Rfe1 Ne4 36. Bxh8 Rxh8 37. Qe3 0-1

[Event "Abe Yanofsky mem"]
[Site "Winnipeg CAN"]
[Date "2011.08.06"]
[Round "3"]
[White "Vincent, Trevor"]
[Black "Yermolinsky, Alex"]
[Result "1/2-1/2"]
[WhiteElo "2150"]
[BlackElo "2521"]
[PlyCount "93"]
[GameId "2160767909649070"]
[EventDate "2011.08.05"]
[EventType "swiss"]
[EventRounds "5"]
[EventCountry "CAN"]
[SourceTitle "EXT 2019"]
[Source "ChessBase"]
[SourceDate "2018.10.10"]
[SourceVersion "1"]
[SourceVersionDate "2018.10.10"]
[SourceQuality "1"]

1. c4 e6 2. g3 d5 3. Bg2 Nf6 4. Nf3 dxc4 5. Na3 Bxa3 6. bxa3 O-O 7. Bb2 Nbd7 8. Rc1 Nb6 9. Ne5 Bd7 10. O-O Ba4 11. Qe1 Bc6 12. Bxc6 bxc6 13. Nxc4 Qd5 14. d3 Nbd7 15. Qa5 Rfc8 16. Rc2 h5 17. Rd1 c5 18. Bxf6 gxf6 19. Ne3 Qd6 20. d4 cxd4 21. Nc4 Qd5 22. Qxd5 exd5 23. Rxd4 Nb6 24. Nxb6 axb6 25. Rxd5 Rxa3 26. Rxh5 c5 27. g4 Rca8 28. Rb2 R8a6 29. Rh6 Rxa2 30. Rxa2 Rxa2 31. Rxf6 b5 32. Rb6 b4 33. Rb5 Rc2 34. f3 Rc3 35. Kf2 b3 36. Ke1 c4 37. Rb4 Rc2 38. Kd1 Ra2 39. Kc1 Rxe2 40. Rxc4 Rxh2 41. Rb4 Rc2+ 42. Kb1 Rc3 43. Rf4 Kg7 44. Kb2 Re3 45. Rf5 Kg6 46. Ka3 f6 47. Kb2 1/2-1/2

[Event "Abe Yanofsky mem"]
[Site "Winnipeg CAN"]
[Date "2011.08.07"]
[Round "4"]
[White "Bince, Rolando"]
[Black "Vincent, Trevor"]
[Result "1/2-1/2"]
[WhiteElo "2091"]
[BlackElo "2347"]
[PlyCount "100"]
[GameId "2160767909649071"]
[EventDate "2011.08.05"]
[EventType "swiss"]
[EventRounds "5"]
[EventCountry "CAN"]

1. e4 c5 2. Nf3 e6 3. d4 cxd4 4. Nxd4 Nc6 5. Nc3 Qc7 6. Be3 a6 7. Qd2 Nf6 8. f3 Ne5 9. Qe2 Bb4 10. Bd2 b5 11. a3 Ba5 12. Nb3 Bb6 13. Be3 Bb7 14. Bxb6 Qxb6 15. Qf2 Qc7 16. Qc5 Rc8 17. Qxc7 Rxc7 18. Na5 Ba8 19. Be2 Ke7 20. Kf2 Rb8 21. Rhc1 Rb6 22. h3 g5 23. Rd1 h5 24. Rd4 h4 25. Re1 Nh5 26. Red1 Nf4 27. Bf1 f6 28. Rb4 Rd6 29. Rxd6 Kxd6 30. Rd4+ Kc5 31. Nb3+ Kb6 32. Rd6+ Bc6 33. Nd1 Nc4 34. Bxc4 bxc4 35. Nc1 Kc5 36. Rd2 Rb7 37. b4+ Kb6 38. c3 d5 39. Ne3 Kb5 40. exd5 exd5 41. Nc2 Re7 42. a4+ Kb6 43. a5+ Kc7 44. Nd4 Bd7 45. Nde2 Nxe2 46. Nxe2 Kd6 47. Nd4 Re8 48. Rd1 Re7 49. Rd2 Re8 50. Rd1 Re7 1/2-1/2

[Event "Abe Yanofsky mem"]
[Site "Winnipeg CAN"]
[Date "2011.08.07"]
[Round "4"]
[White "De Groot, Steven"]
[Black "Cleto, Sam"]
[Result "0-1"]
[WhiteElo "1772"]
[BlackElo "1906"]
[PlyCount "54"]
[GameId "2160767909649072"]
[EventDate "2011.08.05"]
[EventType "swiss"]
[EventRounds "5"]
[EventCountry "CAN"]

1. c4 Nf6 2. Nc3 g6 3. g3 Bg7 4. Bg2 c6 5. e4 d6 6. Nge2 Bg4 7. h3 Be6 8. d3 Qc8 9. Be3 Na6 10. Qd2 O-O 11. Bh6 Nb4 12. Bxg7 Kxg7 13. a3 Na6 14. Kf1 Rb8 15. b4 Nc7 16. Kg1 b5 17. cxb5 Nxb5 18. Nxb5 cxb5 19. Kh2 Qa6 20. f4 Rbc8 21. g4 Qb6 22. Rhf1 Bb3 23. Qb2 Rc2 24. Qxb3 Rxe2 25. Qc3 Kg8 26. Rae1 Qe3 27. Rf3 Qxf3 0-1

[Event "Abe Yanofsky mem"]
[Site "Winnipeg CAN"]
[Date "2011.08.07"]
[Round "4"]
[White "De los Santos, Christopher"]
[Black "Green, Jim"]
[Result "1-0"]
[WhiteElo "1823"]
[BlackElo "1851"]
[PlyCount "93"]
[GameId "2160767909649073"]
[EventDate "2011.08.05"]
[EventType "swiss"]
[EventRounds "5"]
[EventCountry "CAN"]

1. d4 d5 2. c4 c6 3. Nc3 Nf6 4. cxd5 cxd5 5. Nf3 e6 6. Bg5 Be7 7. e3 a6 8. a4 O-O 9. Bd3 Nc6 10. O-O h6 11. Bh4 Ne8 12. Bg3 Nb4 13. Bb1 Bd7 14. Ne5 Nf6 15. f4 Rc8 16. Bh4 Be8 17. Qb3 a5 18. f5 Nd7 19. Bxe7 Qxe7 20. Nxd7 Bxd7 21. e4 exf5 22. Nxd5 Nxd5 23. Qxd5 Bc6 24. Qxf5 Qb4 25. Qf2 Bxa4 26. Bd3 Bd7 27. Kh1 Rc6 28. e5 Rb6 29. Qf4 Bb5 30. Bxb5 Qxb5 31. Rf2 Qd5 32. Ra3 Rb4 33. Rd2 Rc8 34. h3 Rc6 35. Qf3 Qe6 36. Rxa5 Rc1+ 37. Kh2 Rcc4 38. Qd3 g6 39. Qe3 Kg7 40. d5 Qb6 41. Qxb6 Rxb6 42. Ra8 Rbb4 43. d6 Rd4 44. Re2 Rd5 45. Rd8 Rbd4 46. Rd7 b5 47. e6 1-0

[Event "Abe Yanofsky mem"]
[Site "Winnipeg CAN"]
[Date "2011.08.07"]
[Round "4"]
[White "Greenberg, Harley"]
[Black "Afolabi, Damola"]
[Result "1/2-1/2"]
[WhiteElo "1685"]
[BlackElo "1550"]
[PlyCount "41"]
[GameId "2160767909649074"]
[EventDate "2011.08.05"]
[EventType "swiss"]
[EventRounds "5"]
[EventCountry "CAN"]

1. d4 g6 2. e4 Bg7 3. Nc3 c6 4. f4 Nf6 5. e5 Nd5 6. Nxd5 cxd5 7. Nf3 e6 8. c4 dxc4 9. Bxc4 d5 10. exd6 Qxd6 11. O-O O-O 12. Be3 Nd7 13. Rc1 b6 14. d5 e5 15. fxe5 Nxe5 16. Nxe5 Bxe5 17. Bh6 Bg7 18. Bxg7 Kxg7 19. Qd4+ Kg8 20. Bb3 Qd8 21. d6 1/2-1/2

[Event "Abe Yanofsky mem"]
[Site "Winnipeg CAN"]
[Date "2011.08.07"]
[Round "4"]
[White "Kaptsan, Aron"]
[Black "Pang, Michael"]
[Result "1-0"]
[WhiteElo "1998"]
[BlackElo "1829"]
[PlyCount "71"]
[GameId "2160767909649075"]
[EventDate "2011.08.05"]
[EventType "swiss"]
[EventRounds "5"]
[EventCountry "CAN"]

1. d4 Nf6 2. c4 g6 3. Nc3 d5 4. Bd2 Bg7 5. Rc1 O-O 6. cxd5 Nxd5 7. e4 Nxc3 8. Bxc3 Nc6 9. d5 Ne5 10. Nf3 Bg4 11. Be2 Bxf3 12. gxf3 c5 13. f4 Nd7 14. h4 Nf6 15. Bf3 b5 16. e5 Ne8 17. b3 Rc8 18. h5 a5 19. Qd2 b4 20. Bb2 Qd7 21. Qe3 Qa7 22. Bg4 Rc7 23. f5 c4 24. Qxa7 Rxa7 25. Rxc4 Nd6 26. exd6 Bxb2 27. fxg6 fxg6 28. Be6+ Kg7 29. h6+ Kh8 30. d7 Bc3+ 31. Ke2 a4 32. Rc8 Ra8 33. Rh4 axb3 34. Rxf8+ Rxf8 35. axb3 g5 36. Rc4 1-0

[Event "Abe Yanofsky mem"]
[Site "Winnipeg CAN"]
[Date "2011.08.07"]
[Round "4"]
[White "Klokow, John"]
[Black "Lambruschini, Alex"]
[Result "1/2-1/2"]
[WhiteElo "1807"]
[BlackElo "1843"]
[PlyCount "79"]
[GameId "2160767909649076"]
[EventDate "2011.08.05"]
[EventType "swiss"]
[EventRounds "5"]
[EventCountry "CAN"]

1. e4 c6 2. Nf3 d5 3. exd5 cxd5 4. Ne5 a6 5. d4 g6 6. c3 Bg7 7. Bf4 Nf6 8. Be2 O-O 9. O-O Nbd7 10. Nd3 Ne4 11. Nd2 f5 12. f3 Nxd2 13. Qxd2 Nf6 14. Bd1 Re8 15. Re1 b6 16. Re2 a5 17. Ba4 Bd7 18. Bxd7 Qxd7 19. Rae1 e6 20. Bh6 Re7 21. Bxg7 Kxg7 22. Nf4 Rae8 23. Re3 g5 24. Nd3 f4 25. Re5 h6 26. h4 Nh7 27. R5e2 Qd6 28. Re5 Kf6 29. hxg5+ hxg5 30. Nxf4 Kf7 31. Nh3 Rh8 32. Nxg5+ Nxg5 33. Qxg5 Rh7 34. Qf4+ Ke8 35. Qf6 Kd7 36. Qf8 Rhf7 37. Qg8 Rg7 38. Qf8 Rgf7 39. Qg8 Rg7 40. Qf8 1/2-1/2

[Event "Abe Yanofsky mem"]
[Site "Winnipeg CAN"]
[Date "2011.08.07"]
[Round "4"]
[White "Melamedoff, Gustavo"]
[Black "Li, Kevin"]
[Result "1-0"]
[WhiteElo "2124"]
[BlackElo "2181"]
[PlyCount "95"]
[GameId "2160767909649077"]
[EventDate "2011.08.05"]
[EventType "swiss"]
[EventRounds "5"]
[EventCountry "CAN"]

1. Nf3 c5 2. c4 Nf6 3. b3 g6 4. Bb2 Bg7 5. g3 Nc6 6. Bg2 O-O 7. O-O d6 8. d4 Bg4 9. d5 Nb8 10. h3 Bd7 11. Nbd2 Qc8 12. Kh2 Ng4+ 13. hxg4 Bxb2 14. Rb1 Bg7 15. g5 h6 16. gxh6 Bxh6 17. Rh1 Kg7 18. Kg1 Rh8 19. Qc2 Bf5 20. e4 Bg4 21. Re1 f6 22. Nh2 Bxd2 23. Qxd2 Bh3 24. Nf3 Qg4 25. Rxh3 Rxh3 26. Bxh3 Qxf3 27. Bg2 Qg4 28. e5 dxe5 29. Re4 Qh5 30. Rh4 Qg5 31. Qa5 Qc1+ 32. Kh2 g5 33. Rh3 Na6 34. Qb5 g4 35. Rh4 Rh8 36. Rxh8 Kxh8 37. Qe8+ Kh7 38. Be4+ Kg7 39. Qxe7+ Kg8 40. Qe8+ Kg7 41. Qg6+ Kf8 42. Qxf6+ Kg8 43. d6 Nb8 44. Bd5+ Kh7 45. Qf7+ Kh6 46. Be4 Qh1+ 47. Kxh1 Nd7 48. Qg6# 1-0

[Event "Abe Yanofsky mem"]
[Site "Winnipeg CAN"]
[Date "2011.08.07"]
[Round "4"]
[White "Moncal, Nilo"]
[Black "Babb, Jeff"]
[Result "0-1"]
[WhiteElo "2102"]
[BlackElo "2151"]
[PlyCount "80"]
[GameId "2160767909649078"]
[EventDate "2011.08.05"]
[EventType "swiss"]
[EventRounds "5"]
[EventCountry "CAN"]

1. e4 d6 2. d4 Nf6 3. Nc3 g6 4. Be3 c6 5. f3 Nbd7 6. Qd2 a6 7. g4 e5 8. O-O-O b5 9. h4 exd4 10. Bxd4 b4 11. Nce2 c5 12. Be3 Qa5 13. Kb1 Ne5 14. Nc1 h5 15. g5 Nfd7 16. f4 Ng4 17. f5 Nxe3 18. Qxe3 Bb7 19. Nf3 O-O-O 20. Qf4 Re8 21. Nd2 Ne5 22. f6 d5 23. Bh3+ Kd8 24. exd5 Bd6 25. Qf1 Qb6 26. Nc4 Nxc4 27. Qxc4 Re3 28. Bg2 Rhe8 29. Rh3 Bc8 30. Rxe3 Rxe3 31. Nd3 Bd7 32. Nxc5 Bb5 33. Qxb4 Bxc5 34. Qf4 Bd6 35. Qf2 Bc5 36. Qf4 Be2 37. Rd2 Bg4 38. a3 Re1+ 39. Ka2 Be3 40. Qa4 Bxd2 0-1

[Event "Abe Yanofsky mem"]
[Site "Winnipeg CAN"]
[Date "2011.08.07"]
[Round "4"]
[White "Penner, Wesley"]
[Black "Magnusson, Saul"]
[Result "1-0"]
[WhiteElo "1744"]
[BlackElo "1804"]
[PlyCount "135"]
[GameId "2160767909649079"]
[EventDate "2011.08.05"]
[EventType "swiss"]
[EventRounds "5"]
[EventCountry "CAN"]

1. e3 e5 2. d4 exd4 3. exd4 d5 4. Nf3 Nc6 5. Bd3 Bd6 6. O-O Nge7 7. Be3 Bf5 8. c3 Qd7 9. Re1 O-O 10. Bxf5 Nxf5 11. Nbd2 Rae8 12. Nf1 Na5 13. b3 b6 14. Qd2 Nb7 15. Bf4 c6 16. Ng3 Bxf4 17. Qxf4 Nfd6 18. Ne5 Qc7 19. Qd2 Nd8 20. Re2 Ne6 21. Rae1 a5 22. a4 Ra8 23. Nd3 Rfe8 24. Re5 Re7 25. f3 Rae8 26. R5e2 Qb7 27. Nh5 f6 28. Nhf4 Qd7 29. Nxe6 Rxe6 30. Rxe6 Rxe6 31. Nf4 Re7 32. Rxe7 Qxe7 33. Qe2 Qxe2 34. Nxe2 b5 35. axb5 cxb5 36. Kf2 Kf7 37. Nf4 a4 38. bxa4 bxa4 39. Nxd5 a3 40. Nb4 Nb5 41. Na2 Ke6 42. Ke3 Kd5 43. Kd3 Nd6 44. Nb4+ Ke6 45. c4 Nf5 46. g3 h5 47. c5 Ne7 48. Ke4 f5+ 49. Kd3 g5 50. Kc3 f4 51. Kb3 fxg3 52. hxg3 h4 53. Kxa3 Nf5 54. d5+ Kd7 55. Nd3 h3 56. Ne5+ Ke7 57. Ng4 Nd4 58. Nh2 Nf5 59. Kb4 Ne3 60. d6+ Ke6 61. f4 gxf4 62. gxf4 Nd5+ 63. Kc4 Nxf4 64. Nf3 Kd7 65. Kd4 Ne6+ 66. Kc4 Ng5 67. Nh2 Kc6 68. Ng4 1-0